| 000 | 00814nam a22002297a 4500 | ||
|---|---|---|---|
| 005 | 20081022123717.0 | ||
| 008 | 081022t xxu||||| |||| 00| 0 eng d | ||
| 010 | _aENG-84321 | ||
| 020 | _a8178798435 | ||
| 020 | _c750.00 (hb) | ||
| 035 | _aEN-67854 | ||
| 082 | _a613.711 | ||
| 245 |
_aConcepts and issues in sports nutrition / _cedited by Sharad Chand; compiled by Rachna Jain |
||
| 260 |
_aNew Delhi _bSports Publication |
||
| 260 | _c2005 | ||
| 300 |
_a410p _c22cm |
||
| 500 | _aIncludes bibliographical references | ||
| 700 |
_aJain, Rachna _ccomp |
||
| 700 |
_aSharad Chand _ced |
||
| 942 |
_2ddc _cEN _h613.711 _mCON |
||
| 999 |
_c17659 _d17659 |
||